000 00710cam a22002411 4500
001 ne 65000638
003 DLC
005 20260227111812.0
008 900530s1964 ua c b 000 0 arar
010 _ane 65000638
025 _aPL480:UAR-5510
035 _a(OCoLC)21632880
040 _aDLC
_cWaU
_dDLC
042 _apremarc
050 0 0 _aPJ7538
_b.J498
100 1 _aJindī, Anwar.
245 1 0 _aMin aʻlām al-fikr wa-al-adab,
_cbi-qalam Anwar al-Jindī.
260 _a[al-Qāhirah,
_bal-Dār al-Qawmīyah lil-Ṭibāʻah wa-al-Nashr,
_c1964]
300 _a184 p.
_bports.
_c24 cm.
490 0 _aMadhāhib wa-shakhṣīyāt,
_v98
504 _aBibliographical footnotes.
650 0 _aAuthors, Arab.
999 _c48017
_d48017